| 000 | 00472nam a2200181 a 4500 | ||
|---|---|---|---|
| 020 | _a0669355054 | ||
| 040 | _cDLC | ||
| 082 | 0 | 0 | _a808 D.C.H 1996 A092 Or. |
| 245 | 0 | 4 | _aThe Heath introduction to fiction / |
| 246 | 3 | 0 | _aIntroduction to fiction |
| 250 | _a5th ed. | ||
| 260 |
_aLexington, Mass. : _bD.C. Heath, _cc1996. |
||
| 300 |
_axv, 872 p. ; _c23 cm. |
||
| 500 | _aIncludes indexes. | ||
| 650 | 0 | _aShort stories. | |
| 700 | 1 | _aClayton, John Jacob. | |
| 942 | _cEK | ||
| 999 |
_c12425 _d12425 |
||